Nukleárna medicína. 1., všeobecná časť /

Gespeichert in:
Bibliographische Detailangaben
Hauptverfasser: Lepej, Ján (VerfasserIn), Lacko, Anton (VerfasserIn)
Format: Buch
Sprache:Slowakisch
Veröffentlicht: Košice : Equilibria, s.r.o., 2018
Ausgabe:Vydanie prvé
Schlagworte:
ISBN:9788081432224
Online-Zugang: Volltext
Tags: Tag hinzufügen
Keine Tags, Fügen Sie den ersten Tag hinzu!

MARC

LEADER 00000nam a2200000 4500
003 SK-BrCVT
005 20220621182218.0
006 aadloe 000 0
008 210714s2018 xo adloe 000 0slo#d
020 |a 9788081432224   |q (brož.) 
035 |a CVTIDW0077536 
040 |a SNK  |b slo  |c CVT  |e rda  |d CVTI SR  |d SNK 
041 0 |a slo 
044 |a xo  |c SK 
072 7 |a 615.8  |2 CVTI SR 
080 |a 615.849  |2 2011 
080 |a 61:621.039.8  |2 2011 
080 |a 539.1  |2 2011 
080 |a 615.31:539.163  |2 2011 
080 |a 577.34  |2 2011 
080 |a (075)  |2 2011 
100 1 |a Lepej, Ján  |4 aut 
245 1 0 |a Nukleárna medicína.  |n 1.,  |p všeobecná časť /  |c Ján Lepej, Anton Lacko 
250 |a Vydanie prvé 
260 |a Košice :  |b Equilibria, s.r.o.,  |c 2018 
300 |a 201 s. :  |b fotogr., grafy, lit., obr., tab. ;  |c 24 cm 
336 |a text  |b txt  |2 rdacontent 
337 |a bez média  |b n  |2 rdamedia 
338 |a zväzok  |b nc  |2 rdacarrier 
366 |e 200 kusov 
504 |a Bibliografia na strane 194-196 
650 0 7 |a nukleárna medicína  |2 SNKPH 
650 0 7 |a jadrová fyzika  |2 SNKPH 
650 0 7 |a radiofarmaká  |2 SNKPH 
650 0 7 |a rádiobiológia  |2 SNKPH 
650 0 7 |a Nuclear medicine  |2 SNKPHeng 
650 0 7 |a Nuclear physics  |2 SNKPHeng 
650 0 7 |a Radiopharmaceuticals  |2 SNKPHeng 
650 0 7 |a Radiobiology  |2 SNKPHeng 
653 1 |a rádiológia 
655 7 |a odborné publikácie  |2 SNKPH 
655 7 |a Textbooks  |2 SNKPHeng 
700 1 |a Lacko, Anton  |4 aut 
852 |a CVTISR  |b 1 
901 |a 1 Slovenská národná knižnica Martin (SNK)  |b 20210713143944  |d clas01  |u z3950.snk.sk:1111  |i vtls011752195  |m 20200807081200.0 
910 |b A630036 
919 |a 978-80-8143-222-4 
959 |a 56 
974 |a katarina.repata  |f Knihy 
992 |a AMG 
999 |c 257001  |d 257001